00277cam a22000977a 4500008004000000020001800040100002400058245004900082260003800131300001000169180718b2002 xxu||||| |||| 00| 0 eng d a81 7910 010 3 aKhandela, Man Chand aAntarastriya Atankvadcby Man Chand Khandela aJaipurbAaviskar Publishersc2002 a191p.